| 000 | 01200nam a22003254a 4500 | ||
|---|---|---|---|
| 001 | ebr10017828 | ||
| 003 | CaPaEBR | ||
| 006 | m u | ||
| 007 | cr cn||||||||| | ||
| 008 | 991015s2000 enkb sb 001 0 eng | ||
| 010 | _z 99054115 | ||
| 020 | _z041521467X (hb) | ||
| 020 | _z0415214688 (pb) | ||
| 040 |
_aCaPaEBR _cCaPaEBR |
||
| 035 | _a(OCoLC)614544123 | ||
| 050 | 1 | 4 |
_aDS119.76 _b.B74 2000eb |
| 082 | 0 | 4 |
_a956.04 _221 |
| 100 | 1 | _aBregman, Ahron. | |
| 245 | 1 | 0 |
_aIsrael's wars, 1947-93 _h[electronic resource] / _cAhron Bregman. |
| 260 |
_aLondon ; _aNew York : _bRoutledge, _cc2000. |
||
| 300 |
_axiv, 173 p. : _bmaps. |
||
| 490 | 1 | _aWarfare and history | |
| 504 | _aIncludes bibliographical references (p. 138-165) and index. | ||
| 533 |
_aElectronic reproduction. _bPalo Alto, Calif. : _cebrary, _d2013. _nAvailable via World Wide Web. _nAccess may be limited to ebrary affiliated libraries. |
||
| 650 | 0 | _aArab-Israeli conflict. | |
| 655 | 7 |
_aElectronic books. _2local |
|
| 710 | 2 | _aebrary, Inc. | |
| 830 | 0 | _aWarfare and history. | |
| 856 | 4 | 0 |
_uhttp://site.ebrary.com/lib/rucke/Doc?id=10017828 _zAn electronic book accessible through the World Wide Web; click to view |
| 999 |
_c11844 _d11844 |
||